000 00516nam a2200193 a 4500
001 1758808970667
003 YourLibrary
005 20250927150737.0
008 250925s2007##################000#0#eng##
020 _a9781843104247
082 0 4 _a155.4182
_bPLU
100 1 _aPlummer, Deborah,
_eauthor.
245 1 0 _aSelf-esteem Games for Children :
260 _bJessica Kingsley Publishers,
_c2007.
300 _a145 pages
650 0 _aEducation.
942 _cENGLISH
040 _aYourLibrary
_beng
_cYourLibrary
999 _c589909
_d589909